The green management revolution : lessons in environmental excellence

Bibliographic Details
Main Author: HOPFENBECK
Format: Book
Published: New York : Prentice Hall , 1993
Subjects:

MARC

LEADER 00000cam a2200000 7i4500
001 0000002355
005 20030530.0
020 0 0 |a 0132764520 
090 0 0 |a 363.7   |b HOP 1993 
100 1 0 |a HOPFENBECK   |h Waldemar 
245 1 4 |a The green management revolution :   |b lessons in environmental excellence   |c Waldemar Hopfenbeck 
260 0 0 |a New York :   |b Prentice Hall ,   |c 1993 
300 |a xiii, 326 p. :   |b ill.(some col.) ;   |c 25 cm. 
500 0 0 |a Includes bibliographical references (p. [307] - 314) and index 
650 0 0 |a Environmental protection   |z Europe 
650 0 0 |a Green marketing   |z Europe 
650 0 0 |a Industries   |x Environmental aspects   |z Europe 
650 0 0 |a Management   |x Environmental aspects   |z Europe 
650 0 0 |a Product management   |x Environmental aspects 
650 0 0 |a Social responsibility of business   |z Europe 
998 |a JPSM 
999 |a 0000004216   |b Monograph   |c Open Shelf   |e Default branch